Score 0/10 Timer 03:00
1 Play Today
% Correct
Ready Salted
97%
Salt and Vinegar
91.3%
Cheese and Onion
89.6%
Prawn Cocktail
81.9%
Smoky Bacon
76.5%
Roast Chicken
75.2%
Tomato Ketchup
54.3%
Worcester Sauce
49%
Pickled Onion
33.9%
Steak and Onion
32.6%
Remove Ads.
Support Sporcle.
Get the best of Sporcle when you Go Orange. This ad-free experience offers more features, more stats, and more fun while also helping to support Sporcle. Thank you for becoming a member.

You're not logged in!

Compare scores with friends on all Sporcle quizzes.
OR
Log In

Show Comments

Extras

Top Quizzes Today


Score Distribution

Your Account Isn't Verified!

In order to create a playlist on Sporcle, you need to verify the email address you used during registration. Go to your Sporcle Settings to finish the process.

Report this User

Report this user for behavior that violates our Community Guidelines.

Details: